A quide to LSI implementation
Saved in:
| Main Authors: | , |
|---|---|
| Format: | Book |
| Language: | English |
| Published: |
Palo Alto :
B.v.,
1980
|
| Tags: |
No Tags, Be the first to tag this record!
|
MARC
| LEADER | 00000nam a22000003a 4500 | ||
|---|---|---|---|
| 001 | stu86666 | ||
| 005 | 20150617225629.5 | ||
| 008 | 040505s1980------------------------eng-d | ||
| 040 | |a STU |b slo | ||
| 041 | 0 | |a eng | |
| 100 | 1 | |a Hon, Rob W. |4 aut | |
| 245 | 1 | |a A quide to LSI implementation | |
| 260 | |a Palo Alto : |b B.v., |c 1980 | ||
| 700 | 1 | |a Sequin, Carlo H |4 aut | |
| 996 | |b I2955 |c I*2955 |l II680 |s A |a 24 |w stu86666_0001 | ||